Mixed Word: 5 Letter A-Z IV Quiz Stats

 Plays Quiz Updated Feb 15, 2012

Challenge
Share
Tweet
Embed
Score 0/26 Timer 02:00
0 Plays Today
Mixed Word Answer % Correct
PANJAJAPAN
95.9%
MONEDDEMON
94.7%
REMETMETER
94.3%
NONIOONION
94.2%
TILUQQUILT
92.7%
TESFAFEAST
92.5%
MOLENLEMON
92.2%
FEKINKNIFE
91.4%
HOGTSGHOST
91.2%
SAPLMPSALM
90.7%
TIXSEEXIST
89.4%
OBOMRBROOM
89.1%
RRYAHHARRY
86.9%
Mixed Word Answer % Correct
GALENANGEL
86.6%
DOMNANOMAD
84.5%
ENUCLUNCLE
84.3%
MIDIOIDIOM
84.3%
TIWCHWITCH
83.2%
SIVRUVIRUS
79.3%
STEAYYEAST
76.3%
DECATCADET
75.7%
CHILZZILCH
68.3%
ROXXEXEROX
67.1%
BRASESABRE
66.4%
SELATTESLA
47.7%
NORAWROWAN
47.1%

You're not logged in!

Compare scores with friends on all Sporcle quizzes.
Join for Free
OR
Log In

You Might Also Like...

Show Comments

Extras

Top Quizzes Today


Score Distribution

Your Account Isn't Verified!

In order to create a playlist on Sporcle, you need to verify the email address you used during registration. Go to your Sporcle Settings to finish the process.

Report this User

Report this user for behavior that violates our Community Guidelines.

Details: